Elektronické obchodovanie v krajinách V4
Vývoj elektronického obchodovania v rokoch 2004 a 2005 v Českej a Slovenskej republike. Porovnanie elektronického obchodovania s krajinami V4. Výhody elektronického obchodovania a popularizácia predaja prostredníctvom internetu. Štatistické údaje o vybavení domácností internetom. Vývoj nákupného spr...
Saved in:
| Main Author: | |
|---|---|
| Format: | Book Chapter |
| Language: | Slovak |
| Subjects: | |
| Tags: |
No Tags, Be the first to tag this record!
|
MARC
| LEADER | 00000nla$a2200000$$$4500 | ||
|---|---|---|---|
| 001 | 0048697 | ||
| 005 | 20240502083130.1 | ||
| 041 | 0 | |a slo | |
| 044 | |a CZ | ||
| 245 | 1 | 0 | |a Elektronické obchodovanie v krajinách V4 |c Ivana Raslavská |
| 520 | |a Vývoj elektronického obchodovania v rokoch 2004 a 2005 v Českej a Slovenskej republike. Porovnanie elektronického obchodovania s krajinami V4. Výhody elektronického obchodovania a popularizácia predaja prostredníctvom internetu. Štatistické údaje o vybavení domácností internetom. Vývoj nákupného správania spotrebiteľov na Slovensku. Preferované tovary a služby pri nákupe cez internet. Elektronické obchodovanie podmienené elektronizáciou a technologickou modernizáciou domácností. | ||
| 610 | 2 | 0 | |a obchod elektronický |
| 610 | 2 | 0 | |a internet |
| 610 | 2 | 0 | |a technológie informačné |
| 610 | 2 | 0 | |a počítače |
| 610 | 2 | 0 | |a konkurencieschopnosť |
| 610 | 2 | 0 | |a predaj |
| 610 | 2 | 0 | |a nákup |
| 610 | 2 | 0 | |a spotrebitelia |
| 610 | 2 | 0 | |a tovar |
| 610 | 2 | 0 | |a služby |
| 610 | 2 | 0 | |a údaje štatistické |
| 610 | 2 | 0 | |a Vyšehradská štvorka |
| 100 | 1 | |a Raslavská, Ivana | |